| 000 | 00497nam a2200181Ia 4500 | ||
|---|---|---|---|
| 008 | 240925s9999 xx 000 0 und d | ||
| 020 | _a9788173717390 | ||
| 082 | _a620.0042 GAN | ||
| 100 | _aGanguli, Ranjan | ||
| 245 | 0 | _aEngiuneering Optimization: a modern approach | |
| 250 | _aNA | ||
| 260 |
_aHyderabad: _bICFAI University Press _c,2011. |
||
| 300 |
_axvii,653p. _bN.A _fPhotocopy |
||
| 500 | _aIncludes Index | ||
| 600 | _aElectronic Engineering | ||
| 650 | _aTechnology | ||
| 942 | _cBK | ||
| 999 |
_c11810 _d11810 |
||